[Event "Brasschaat op 18th"]
[Site "Brasschaat"]
[Date "2018.08.23"]
[Round "6"]
[White "Dgebuadze, Alexandre"]
[Black "Den Hartog, Marijn"]
[Result "1/2-1/2"]
[WhiteElo "2505"]
[BlackElo "2118"]
[PlyCount "53"]
[EventDate "2018.08.18"]
[EventType "swiss"]
[EventRounds "9"]
[EventCountry "BEL"]
[SourceTitle "CBM 186 Extra"]
[Source "ChessBase"]
[SourceDate "2018.08.24"]
[SourceVersion "1"]
[SourceVersionDate "2018.08.24"]
[SourceQuality "1"]

1. Nf3 Nf6 2. d4 g6 3. Nc3 d5 4. Bf4 Bg7 5. Qd2 0-0 6. Bh6 Nbd7 7. Bxg7 Kxg7 8. h4 h5 9. e3 c6 10. Bd3 Qc7 11. e4 dxe4 12. Nxe4 Nxe4 13. Bxe4 Nf6 14. Ng5 Nxe4 15. Nxe4 Bf5 16. Ng3 Bg4 17. Ne2 Bxe2 18. Qxe2 Qf4 19. c3 Rfe8 20. g3 Qf5 21. 0-0-0 Rad8 22. Rhe1 e5 23. Rd2 exd4 24. Qxe8 Rxe8 25. Rxe8 dxc3 26. bxc3 Qa5 27. Re3 1/2-1/2

[Event "Bruges Masters op"]
[Site "Bruges"]
[Date "2018.08.13"]
[Round "3"]
[White "Den Hartog, Marijn"]
[Black "Ravi, Teja Sanka"]
[Result "1-0"]
[WhiteElo "2118"]
[BlackElo "2374"]
[PlyCount "57"]
[EventDate "2018.08.12"]
[EventType "swiss"]
[EventRounds "9"]
[EventCountry "BEL"]
[SourceTitle "CBM 186 Extra"]
[Source "ChessBase"]
[SourceDate "2018.08.24"]
[SourceVersion "1"]
[SourceVersionDate "2018.08.24"]
[SourceQuality "1"]

1. e4 c6 2. d4 d5 3. e5 Bf5 4. Nf3 e6 5. Be2 c5 6. Be3 cxd4 7. Nxd4 Ne7 8. Nd2 Nbc6 9. N2f3 Be4 10. 0-0 Ng6 11. Bb5 Qc7 12. Ng5 Ngxe5 13. c4 a6 14. Ba4 Bd6 15. Ngxe6 fxe6 16. Nxe6 Qd7 17. cxd5 b5 18. Bb3 Nd8 19. Qd4 Bf5 20. f4 Nef7 21. Nxg7+ Kf8 22. Qf6 Bd3 23. Ne6+ Ke8 24. Rfe1 Rg8 25. Bb6 Be7 26. Nxd8 Nxd8 27. Bc5 Rxg2+ 28. Kxg2 Qg4+ 29. Kf2 1-0

[Event "Bruges Masters op"]
[Site "Bruges"]
[Date "2018.08.12"]
[Round "1"]
[White "Den Hartog, Marijn"]
[Black "Chernov, Vadim A"]
[Result "1-0"]
[WhiteElo "2118"]
[BlackElo "2412"]
[PlyCount "28"]
[EventDate "2018.08.12"]
[EventType "swiss"]
[EventRounds "9"]
[EventCountry "BEL"]
[SourceTitle "CBM 186 Extra"]
[Source "ChessBase"]
[SourceDate "2018.08.24"]
[SourceVersion "1"]
[SourceVersionDate "2018.08.24"]
[SourceQuality "1"]

1. e4 c5 2. Nf3 e6 3. g3 Nc6 4. Bg2 Nf6 5. Qe2 Be7 6. c3 d5 7. e5 Nd7 8. 0-0 Qc7 9. d4 b6 10. Bf4 g5 11. Bxg5 Bxg5 12. Nxg5 cxd4 13. Qh5 Nf8 14. c4 Nd8 1-0

[Event "Leiden op-A 12th"]
[Site "Leiden"]
[Date "2018.07.19"]
[Round "6"]
[White "Viani, Antonio Dcunha"]
[Black "Den Hartog, Marijn"]
[Result "1-0"]
[WhiteElo "2404"]
[BlackElo "2025"]
[PlyCount "55"]
[EventDate "2018.07.13"]
[EventType "swiss"]
[EventRounds "9"]
[EventCountry "NED"]
[SourceTitle "CBM 185 Extra"]
[Source "ChessBase"]
[SourceDate "2018.07.29"]
[SourceVersion "1"]
[SourceVersionDate "2018.07.29"]
[SourceQuality "1"]

1. d4 Nf6 2. c4 e6 3. Nc3 Bb4 4. e3 0-0 5. Bd3 d5 6. Nf3 Nbd7 7. 0-0 c6 8. Qc2 Qe7 9. Ne5 Nxe5 10. dxe5 Ng4 11. f4 f5 12. h3 Nh6 13. a3 Ba5 14. b4 Bd8 15. Bd2 Kh8 16. cxd5 cxd5 17. Nb5 g5 18. fxg5 Nf7 19. Rfc1 Nxg5 20. Nd6 Rg8 21. Kh1 Qg7 22. Bc3 h6 23. Bd4 Bb6 24. Nxc8 Bxd4 25. exd4 Raxc8 26. Qxc8 Nxh3 27. Qc2 Ng5 28. Qe2 1-0

[Event "Wachtebeke"]
[Site "Wachtebeke"]
[Date "2018.02.14"]
[Round "8"]
[White "Den Hartog, Marijn"]
[Black "Wiley, Tom E"]
[Result "1/2-1/2"]
[WhiteElo "2125"]
[BlackElo "2190"]
[PlyCount "30"]
[EventDate "2018.02.10"]
[EventType "tourn"]
[EventRounds "9"]
[EventCountry "BEL"]
[EventCategory "3"]
[SourceTitle "EXT 2019"]
[Source "ChessBase"]
[SourceDate "2018.10.10"]
[SourceVersion "1"]
[SourceVersionDate "2018.10.10"]
[SourceQuality "1"]

1. e4 e6 2. d4 d5 3. Nd2 Nc6 4. Ngf3 Nf6 5. e5 Nd7 6. Nc4 Nb6 7. a3 Bd7 8. Be3 Nxc4 9. Bxc4 Ne7 10. Ng5 h6 11. Qh5 g6 12. Qh3 Bg7 13. Ne4 Bc6 14. Nc3 0-0 15. Rc1 a6 1/2-1/2

[Event "Wachtebeke"]
[Site "Wachtebeke"]
[Date "2018.02.12"]
[Round "5"]
[White "Den Hartog, Marijn"]
[Black "De Waele, Warre"]
[Result "0-1"]
[WhiteElo "2125"]
[BlackElo "2262"]
[PlyCount "46"]
[EventDate "2018.02.10"]
[EventType "tourn"]
[EventRounds "9"]
[EventCountry "BEL"]
[EventCategory "3"]
[SourceTitle "EXT 2019"]
[Source "ChessBase"]
[SourceDate "2018.10.10"]
[SourceVersion "1"]
[SourceVersionDate "2018.10.10"]
[SourceQuality "1"]

1. e4 e5 2. Nf3 Nc6 3. Bc4 Bc5 4. c3 Nf6 5. d3 a6 6. a4 Ba7 7. Nbd2 0-0 8. 0-0 d6 9. Re1 Ng4 10. Re2 Kh8 11. h3 f5 12. Nf1 Nf6 13. Be3 fxe4 14. dxe4 Bxe3 15. Rxe3 Nh5 16. Ne1 Nf4 17. Nd3 Qf6 18. Qd2 Qg6 19. g4 Qh6 20. Nh2 Nxh3+ 21. Kg2 Ng5 22. Qe2 Be6 23. Bxe6 Qxe6 0-1

[Event "NED-chT 1718"]
[Site "Netherlands"]
[Date "2018.02.03"]
[Round "6.5"]
[White "Bosch, Jeroen"]
[Black "Den Hartog, Marijn"]
[Result "1-0"]
[WhiteElo "2411"]
[BlackElo "2216"]
[PlyCount "75"]
[EventDate "2017.09.16"]
[EventType "team-tourn"]
[EventRounds "9"]
[EventCountry "NED"]
[SourceTitle "EXT 2019"]
[Source "ChessBase"]
[SourceDate "2018.10.10"]
[SourceVersion "1"]
[SourceVersionDate "2018.10.10"]
[SourceQuality "1"]
[WhiteTeam "Calder HMC"]
[BlackTeam "Rotterdam Pathena"]
[WhiteTeamCountry "NED"]
[BlackTeamCountry "NED"]

1. c4 e5 2. Nc3 Bb4 3. Qc2 Nc6 4. Nf3 Nf6 5. e3 0-0 6. Nd5 Re8 7. Qf5 d6 8. Nxf6+ Qxf6 9. Qxf6 gxf6 10. a3 Bc5 11. b4 Bb6 12. Bb2 a5 13. b5 Ne7 14. d4 c6 15. c5 dxc5 16. dxe5 fxe5 17. Nxe5 cxb5 18. Bxb5 Rd8 19. h3 a4 20. Ke2 Nd5 21. Rhd1 Be6 22. Rac1 Kf8 23. f4 f6 24. Nc4 Bc7 25. Nd2 Ra5 26. Bc4 Ke7 27. f5 Bf7 28. Ne4 Be5 29. Bxe5 fxe5 30. f6+ Nxf6 31. Rxd8 Nxe4 32. Rb8 Nd6 33. Bxf7 Kxf7 34. Rh8 Rb5 35. Rxh7+ Ke6 36. Rh6+ Ke7 37. g4 Rb3 38. Rxc5 1-0

[Event "NED-chT 1718"]
[Site "Netherlands"]
[Date "2017.11.25"]
[Round "4.7"]
[White "Peters, Luuk"]
[Black "Den Hartog, Marijn"]
[Result "1-0"]
[WhiteElo "2201"]
[BlackElo "2216"]
[PlyCount "107"]
[EventDate "2017.09.16"]
[EventType "team-tourn"]
[EventRounds "9"]
[EventCountry "NED"]
[SourceTitle "CBM 181 Extra"]
[Source "ChessBase"]
[SourceDate "2017.12.12"]
[SourceVersion "1"]
[SourceVersionDate "2017.12.12"]
[SourceQuality "1"]
[WhiteTeam "SISSA"]
[BlackTeam "Rotterdam Pathena"]
[WhiteTeamCountry "NED"]
[BlackTeamCountry "NED"]

1. d4 Nf6 2. Nf3 g6 3. g3 Bg7 4. Bg2 0-0 5. 0-0 d6 6. a4 a5 7. b3 Bf5 8. Bb2 Nc6 9. Na3 d5 10. Rc1 Bh6 11. e3 Be4 12. Nb5 Nb4 13. Ne5 c6 14. Na3 Nd7 15. Bxe4 dxe4 16. Nac4 Nxe5 17. dxe5 b5 18. Nd2 bxa4 19. bxa4 Qd5 20. c4 Qe6 21. Nxe4 Rfd8 22. Bd4 f6 23. Nc5 Qh3 24. e6 f5 25. f4 Rd6 26. Qe2 Bg7 27. Rfd1 Qh6 28. Qe1 Rb8 29. Rb1 Bxd4 30. exd4 Qg7 31. Qe5 Rc8 32. Nd7 Qxe5 33. fxe5 Rxe6 34. Nc5 Kf7 35. Rb2 Rd8 36. Nxe6 Kxe6 37. Re2 Kf7 38. g4 Ke6 39. gxf5+ gxf5 40. Kf2 Rg8 41. h3 f4 42. Kf3 Kf5 43. Rg2 Rxg2 44. Kxg2 Ke4 45. Kf2 h5 46. Rd2 h4 47. Ke2 f3+ 48. Kf2 Kf4 49. Rd1 Ke4 50. e6 Na2 51. d5 cxd5 52. Rxd5 Nc3 53. Rd7 Nd1+ 54. Rxd1 1-0

[Event "Rotterdam Basamro 5th"]
[Site "Rotterdam"]
[Date "2017.09.23"]
[Round "1.2"]
[White "Ariza, Thomas"]
[Black "Den Hartog, Marijn"]
[Result "1-0"]
[WhiteElo "2207"]
[BlackElo "2216"]
[PlyCount "73"]
[EventDate "2017.09.23"]
[EventType "team-tourn"]
[EventRounds "3"]
[EventCountry "NED"]
[SourceTitle "CBM 180 Extra"]
[Source "ChessBase"]
[SourceDate "2017.10.06"]
[SourceVersion "1"]
[SourceVersionDate "2017.10.06"]
[SourceQuality "1"]
[WhiteTeam "Ile de France"]
[BlackTeam "Rotterdam"]
[WhiteTeamCountry "FRA"]
[BlackTeamCountry "NED"]

1. Nf3 Nf6 2. c4 g6 3. Nc3 Bg7 4. e4 d6 5. d4 0-0 6. Be2 Nbd7 7. 0-0 e5 8. Qc2 Nh5 9. Rd1 c6 10. Rb1 a5 11. a3 Nf4 12. Bf1 Qe7 13. b4 axb4 14. axb4 Ne6 15. Be3 exd4 16. Nxd4 Ne5 17. f3 f5 18. c5 Nxd4 19. Bxd4 Qg5 20. Qf2 f4 21. cxd6 Ra3 22. Kh1 Be6 23. Qb2 Rfa8 24. Ra1 Rxa1 25. Rxa1 Rd8 26. Na4 Rxd6 27. Nc5 Bc8 28. Ra8 Rd8 29. Rxc8 Rxc8 30. Ne6 Qh4 31. Nxg7 Qe1 32. Kg1 Nc4 33. Qa2 b5 34. Ne6 Kf7 35. Ng5+ Ke8 36. Qa7 Nd6 37. e5 1-0

[Event "Leiden LCT op-A 11th"]
[Site "Leiden"]
[Date "2017.07.22"]
[Round "8"]
[White "Den Hartog, Marijn"]
[Black "Fossum, Oystein Boyum"]
[Result "1/2-1/2"]
[WhiteElo "2220"]
[BlackElo "2247"]
[PlyCount "136"]
[EventDate "2017.07.14"]
[EventType "swiss"]
[EventRounds "9"]
[EventCountry "NED"]
[SourceTitle "EXT 2018"]
[Source "ChessBase"]
[SourceDate "2017.10.13"]
[SourceVersion "1"]
[SourceVersionDate "2017.10.13"]
[SourceQuality "1"]

1. d4 f5 2. Nf3 Nf6 3. g3 e6 4. Bg2 d5 5. 0-0 Bd6 6. c4 c6 7. Qc2 0-0 8. Bf4 Bxf4 9. gxf4 Bd7 10. Rc1 Ne4 11. Qb3 b6 12. a4 a5 13. Na3 Be8 14. Qe3 Na6 15. b3 Rc8 16. Nc2 Kh8 17. Nce1 h6 18. Nd3 Rg8 19. Nfe1 c5 20. cxd5 exd5 21. Rc2 Qf6 22. Ne5 Nb4 23. Rcc1 g5 24. f3 gxf4 25. Qxf4 Ng5 26. Ng4 Qg7 27. h4 fxg4 28. hxg5 Qxg5 29. Qxg5 Rxg5 30. fxg4 Rxg4 31. Nf3 Bh5 32. Kf2 Rf4 33. Rh1 Bxf3 34. Bxf3 Kh7 35. dxc5 bxc5 36. Rh5 Rcf8 37. Rah1 R8f6 38. Kg3 R4f5 39. Kg4 Rf4+ 40. Kg3 R4f5 41. Kg4 Rxh5 42. Rxh5 Rd6 43. Kf5 Nc6 44. Kf4 Rf6+ 45. Kg4 Nd4 46. Bxd5 Nxe2 47. Re5 Rf4+ 48. Kh3 Nd4 49. Bc4 Nxb3 50. Bxb3 Rf3+ 51. Kg2 Rxb3 52. Rxc5 Rb2+ 53. Kf3 Rb3+ 54. Ke2 Kg6 55. Rxa5 h5 56. Rb5 Ra3 57. a5 h4 58. Kf2 h3 59. Kg1 Kf6 60. Kh2 Ke7 61. Rh5 Kd6 62. a6 Kc7 63. Rh6 Kb8 64. Rg6 Ka7 65. Rg8 Rb3 66. Rg6 Ra3 67. Rg8 Rb3 68. Rg6 Ra3 1/2-1/2

[Event "Leiden LCT op-A 11th"]
[Site "Leiden"]
[Date "2017.07.20"]
[Round "6"]
[White "Den Hartog, Marijn"]
[Black "Kools, Thomas"]
[Result "1-0"]
[WhiteElo "2220"]
[BlackElo "1806"]
[PlyCount "89"]
[EventDate "2017.07.14"]
[EventType "swiss"]
[EventRounds "9"]
[EventCountry "NED"]
[SourceTitle "EXT 2018"]
[Source "ChessBase"]
[SourceDate "2017.10.13"]
[SourceVersion "1"]
[SourceVersionDate "2017.10.13"]
[SourceQuality "1"]

1. Nf3 f5 2. d4 Nf6 3. Bg5 e6 4. Nc3 Be7 5. e3 Ne4 6. Bxe7 Qxe7 7. Bd3 Nxc3 8. bxc3 d5 9. 0-0 Nd7 10. c4 0-0 11. Qd2 e5 12. cxd5 e4 13. Bc4 Qd6 14. Ne5 Nxe5 15. dxe5 Qxe5 16. a4 Rf6 17. a5 Rh6 18. g3 Rd6 19. Rfd1 Qe8 20. Qd4 g5 21. Qc5 Qf7 22. Be2 f4 23. exf4 gxf4 24. Ra4 f3 25. Bf1 Bf5 26. Rc4 Rad8 27. Qxc7 R6d7 28. Qf4 Rxd5 29. Qg5+ Qg6 30. Qxd8+ Rxd8 31. Rxd8+ Kg7 32. Rc7+ Kh6 33. Rxb7 Qf6 34. Re8 Qa1 35. Ree7 Kg5 36. h4+ Kf6 37. Rf7+ Ke5 38. Rb5+ Kd4 39. Rfxf5 e3 40. fxe3+ Kxe3 41. Rb3+ Kd2 42. Rfxf3 Qxa5 43. c4 Qc5+ 44. Rf2+ Kc1 45. Bd3 1-0

[Event "NED-ch U18/20"]
[Site "Assen"]
[Date "2017.04.27"]
[Round "7"]
[White "Den Hartog, Marijn"]
[Black "Van Dael, Siem"]
[Result "0-1"]
[WhiteElo "2227"]
[BlackElo "2051"]
[PlyCount "72"]
[EventDate "2017.04.23"]
[EventType "swiss"]
[EventRounds "9"]
[EventCountry "NED"]
[SourceTitle "CBM 178 Extra"]
[Source "ChessBase"]
[SourceDate "2017.06.22"]
[SourceVersion "1"]
[SourceVersionDate "2017.06.22"]
[SourceQuality "1"]

1. d4 Nf6 2. c4 g6 3. Nc3 Bg7 4. e4 d6 5. Be2 0-0 6. Be3 Nc6 7. Nf3 e5 8. d5 Ne7 9. h3 a6 10. g4 c6 11. a4 Qa5 12. Nd2 h6 13. Kf1 Qc7 14. Rc1 c5 15. g5 hxg5 16. Nf3 g4 17. Ng5 gxh3 18. Nxh3 Nh7 19. Ng5 Nxg5 20. Bxg5 f6 21. Be3 f5 22. Bg5 fxe4 23. Nxe4 Bf5 24. Bd3 Rf7 25. f4 b5 26. Qd2 bxc4 27. Bb1 Qd7 28. Rxc4 Rb8 29. Ke1 exf4 30. b4 Rxb4 31. Rxb4 cxb4 32. Qxb4 Nxd5 33. Qb8+ Rf8 34. Qb3 Qe6 35. Kd2 Bxe4 36. Re1 Bc3+ 0-1

[Event "NED-ch U18/20"]
[Site "Assen"]
[Date "2017.04.26"]
[Round "6"]
[White "Vrolijk, Liam"]
[Black "Den Hartog, Marijn"]
[Result "0-1"]
[WhiteElo "2378"]
[BlackElo "2227"]
[PlyCount "60"]
[EventDate "2017.04.23"]
[EventType "swiss"]
[EventRounds "9"]
[EventCountry "NED"]
[SourceTitle "CBM 178 Extra"]
[Source "ChessBase"]
[SourceDate "2017.06.22"]
[SourceVersion "1"]
[SourceVersionDate "2017.06.22"]
[SourceQuality "1"]

1. d4 Nf6 2. c4 g6 3. Nc3 Bg7 4. e4 d6 5. Be2 0-0 6. Be3 e5 7. d5 a5 8. g4 c6 9. h4 cxd5 10. cxd5 Na6 11. h5 Nd7 12. f3 Ndc5 13. Qd2 Bd7 14. Nh3 a4 15. hxg6 fxg6 16. Ng5 h6 17. Nh7 Rf4 18. Bxf4 exf4 19. Qxf4 Kxh7 20. Kf2 Qf8 21. Qe3 a3 22. Kg2 axb2 23. Rab1 Qf6 24. Nd1 g5 25. Nxb2 Nb4 26. Qd2 Nxa2 27. Bd3 Kg8 28. Nc4 Nc3 29. Ra1 Rf8 30. Raf1 Qd4 0-1

[Event "NED-ch U18/20"]
[Site "Assen"]
[Date "2017.04.25"]
[Round "4"]
[White "Damen, Jip"]
[Black "Den Hartog, Marijn"]
[Result "1-0"]
[WhiteElo "1859"]
[BlackElo "2227"]
[PlyCount "137"]
[EventDate "2017.04.23"]
[EventType "swiss"]
[EventRounds "9"]
[EventCountry "NED"]
[SourceTitle "CBM 178 Extra"]
[Source "ChessBase"]
[SourceDate "2017.06.22"]
[SourceVersion "1"]
[SourceVersionDate "2017.06.22"]
[SourceQuality "1"]

1. e4 e6 2. Qe2 e5 3. Nf3 Nc6 4. c3 Nf6 5. d4 d6 6. h3 g6 7. Bg5 Bg7 8. Nbd2 0-0 9. 0-0-0 Re8 10. Qe3 Bd7 11. Bb5 a6 12. Bxc6 exd4 13. Nxd4 bxc6 14. Qf4 Nh5 15. Qe3 f6 16. g4 Ng3 17. Bxf6 Bxf6 18. Qxg3 c5 19. Nc2 Be6 20. h4 Qd7 21. g5 Bg7 22. h5 Qa4 23. hxg6 hxg6 24. Qh4 Qxa2 25. Qh7+ Kf8 26. Rh4 Rab8 27. Rf4+ Bf7 28. b3 Rxb3 29. Nxb3 Qxb3 30. Rd3 Re7 31. Rdf3 Bxc3 32. Rxc3 Qxc3 33. Qxg6 Ke8 34. Qf5 Be6 35. Qf8+ Kd7 36. Rf3 Qe5 37. Qf6 Qh2 38. Kd2 Qh4 39. Rf4 Qh5 40. g6 Qh6 41. Ne3 Rg7 42. Qa1 Rxg6 43. Rf3 Qh5 44. Rf8 Qh6 45. Qa4+ c6 46. Ra8 d5 47. Qa5 Qh4 48. Ra7+ Ke8 49. Ke2 Bg4+ 50. Ke1 Bd7 51. Qc7 Rg1+ 52. Ke2 Bg4+ 53. Kd3 c4+ 54. Kd4 Qf6+ 55. Kc5 Qf8+ 56. Kxc6 Qf6+ 57. Kc5 Qf8+ 58. Kd4 Qf6+ 59. Kc5 Qf8+ 60. Kd4 Qf6+ 61. e5 Qf4+ 62. Kc5 Qf8+ 63. Kc6 Qh6+ 64. Kc5 Qf8+ 65. Qd6 Qxd6+ 66. Kxd6 Bc8 67. Nxd5 Rg6+ 68. Nf6+ Kd8 69. Rh7 1-0

[Event "Wachtebeke"]
[Site "Wachtebeke"]
[Date "2017.03.01"]
[Round "8"]
[White "Beukema, Jasper"]
[Black "Den Hartog, Marijn"]
[Result "0-1"]
[WhiteElo "2286"]
[BlackElo "2183"]
[PlyCount "86"]
[EventDate "2017.02.25"]
[EventType "tourn"]
[EventRounds "9"]
[EventCountry "BEL"]
[SourceTitle "CBM 177 Extra"]
[Source "ChessBase"]
[SourceDate "2017.04.27"]
[SourceVersion "1"]
[SourceVersionDate "2017.04.27"]
[SourceQuality "1"]

1. e4 e6 2. d4 d5 3. Nc3 Bb4 4. Nge2 Nf6 5. e5 Nfd7 6. a3 Be7 7. f4 c5 8. Be3 0-0 9. dxc5 Bxc5 10. Nd4 Nc6 11. Nce2 Qc7 12. c3 a6 13. a4 Re8 14. g3 Rb8 15. Qd2 Bf8 16. h4 Na5 17. Qc2 b5 18. axb5 axb5 19. b4 Nc4 20. Bf2 f6 21. Bh3 fxe5 22. Nxe6 Qc6 23. Ng5 Nf6 24. Bxc8 Qxc8 25. 0-0 h6 26. Nf3 e4 27. Nh2 e3 28. Be1 Ra8 29. Rxa8 Qxa8 30. Nf3 Qb7 31. Nfd4 Ne4 32. g4 Qd7 33. f5 Bd6 34. Qd3 Ned2 35. Bxd2 exd2 36. Ne6 Rxe6 37. fxe6 Qxe6 38. Qf3 Ne3 39. Nd4 Qe5 40. Qe2 Qg3+ 41. Kh1 Qh3+ 42. Kg1 Bh2+ 43. Qxh2 Qxf1# 0-1

[Event "Wachtebeke"]
[Site "Wachtebeke"]
[Date "2017.02.25"]
[Round "1"]
[White "Favarel, Antoine"]
[Black "Den Hartog, Marijn"]
[Result "1-0"]
[WhiteElo "2423"]
[BlackElo "2183"]
[PlyCount "129"]
[EventDate "2017.02.25"]
[EventType "tourn"]
[EventRounds "9"]
[EventCountry "BEL"]
[SourceTitle "CBM 177 Extra"]
[Source "ChessBase"]
[SourceDate "2017.04.27"]
[SourceVersion "1"]
[SourceVersionDate "2017.04.27"]
[SourceQuality "1"]

1. d4 Nf6 2. c4 g6 3. g3 Bg7 4. Bg2 0-0 5. Nc3 d6 6. Nf3 Nc6 7. 0-0 a6 8. d5 Na5 9. b3 c5 10. dxc6 Nxc6 11. Bb2 Rb8 12. Qc1 Bd7 13. Rd1 b5 14. Nd5 Ne8 15. Bxg7 Kxg7 16. c5 e6 17. Nb6 Rxb6 18. cxb6 Qxb6 19. Qb2+ e5 20. Rac1 f6 21. h3 Ne7 22. Nd2 d5 23. Qc3 Bc6 24. Qc5 Qxc5 25. Rxc5 Nd6 26. Rdc1 Bb7 27. Rc7 Rf7 28. Rd7 Nec8 29. Rcc7 Rxd7 30. Rxd7+ Kf8 31. b4 Bc6 32. Rc7 Ne7 33. Nb3 Nb7 34. e3 Ke8 35. Na5 Nxa5 36. bxa5 h5 37. h4 Bd7 38. Ra7 Bc8 39. Kf1 Kd8 40. Ke1 e4 41. Bf1 Nc6 42. Rf7 f5 43. Rg7 Ne7 44. Kd2 Kd7 45. Kc3 Kd6 46. a3 Bb7 47. Be2 Bc8 48. a4 bxa4 49. Kb4 Nc6+ 50. Kxa4 Ne7 51. Kb3 Bb7 52. Kc3 Bc8 53. Bd1 Bd7 54. Bb3 Bb5 55. Kb4 Nc6+ 56. Kc3 Ne7 57. Bd1 Bd7 58. Be2 Bc8 59. Rf7 Be6 60. Rxe7 Kxe7 61. Bxa6 Kd6 62. Bb7 Kc5 63. a6 Kb6 64. Kd4 Bg8 65. Bxd5 1-0

[Event "Wch U16"]
[Site "Khanty-Mansiysk"]
[Date "2016.09.25"]
[Round "4"]
[White "Donoso Diaz, Sebastian"]
[Black "Den Hartog, Marijn"]
[Result "0-1"]
[WhiteElo "2005"]
[BlackElo "2190"]
[PlyCount "41"]
[EventDate "2016.09.22"]
[EventType "swiss"]
[EventRounds "11"]
[EventCountry "RUS"]
[SourceTitle "EXT 2017"]
[Source "ChessBase"]
[SourceDate "2016.10.25"]
[SourceVersion "1"]
[SourceVersionDate "2016.10.25"]
[SourceQuality "1"]

1. e4 e6 2. d4 d5 3. Nc3 Bb4 4. e5 Qd7 5. Nf3 b6 6. g3 Ba6 7. Bh3 Bxc3+ 8. bxc3 h6 9. Nh4 Ne7 10. f4 g6 11. g4 Nbc6 12. f5 g5 13. Ng2 0-0-0 14. Ba3 Bb5 15. Ne3 f6 16. Bf1 Bxf1 17. Rxf1 fxe5 18. Bxe7 Qxe7 19. dxe5 exf5 20. Nxf5 Qf8 21. Qf3 0-1

[Event "Wch U16"]
[Site "Khanty-Mansiysk"]
[Date "2016.09.24"]
[Round "3"]
[White "Den Hartog, Marijn"]
[Black "Tahbaz, Arash"]
[Result "0-1"]
[WhiteElo "2190"]
[BlackElo "2420"]
[PlyCount "82"]
[EventDate "2016.09.22"]
[EventType "swiss"]
[EventRounds "11"]
[EventCountry "RUS"]
[SourceTitle "EXT 2017"]
[Source "ChessBase"]
[SourceDate "2016.10.25"]
[SourceVersion "1"]
[SourceVersionDate "2016.10.25"]
[SourceQuality "1"]

1. e4 c5 2. Nf3 e6 3. d4 cxd4 4. Nxd4 Nf6 5. Nc3 d6 6. g4 h6 7. h4 Nc6 8. Rg1 h5 9. gxh5 Nxh5 10. Bg5 Nf6 11. Qd2 Qb6 12. Nb3 a6 13. Be2 Qc7 14. h5 b5 15. a3 Nd7 16. f4 Bb7 17. f5 Nde5 18. fxe6 fxe6 19. h6 g6 20. Rf1 Be7 21. Bxb5 Bxg5 22. Bxc6+ Bxc6 23. Qxg5 Qe7 24. Qg3 Rxh6 25. 0-0-0 0-0-0 26. Qe3 Rh7 27. Rd4 Qc7 28. Rfd1 Rg7 29. Nc5 Re7 30. Nxa6 Qb6 31. Qe2 Bb7 32. Nb4 g5 33. Nb5 Red7 34. a4 g4 35. Qe3 Kb8 36. Qf4 Nf3 37. Rxd6 Rxd6 38. Nxd6 Ka8 39. e5 g3 40. Qxg3 Qe3+ 41. Kb1 Nd2+ 0-1

[Event "Lueneburg op-A"]
[Site "Lueneburg"]
[Date "2016.07.06"]
[Round "7"]
[White "Kroencke, Manfred"]
[Black "Den Hartog, Marijn"]
[Result "1/2-1/2"]
[WhiteElo "2021"]
[BlackElo "2220"]
[PlyCount "83"]
[EventDate "2016.07.01"]
[EventType "swiss"]
[EventRounds "9"]
[EventCountry "GER"]
[SourceTitle "CBM 173 Extra"]
[Source "ChessBase"]
[SourceDate "2016.08.29"]
[SourceVersion "1"]
[SourceVersionDate "2016.08.29"]
[SourceQuality "1"]

1. e4 e6 2. d4 d5 3. exd5 exd5 4. Qf3 Nc6 5. c3 Be6 6. Bd3 Qd7 7. Ne2 0-0-0 8. h3 h6 9. Ng3 Nge7 10. Nd2 g5 11. Nb3 Ng6 12. Bxg6 fxg6 13. Qd3 Bd6 14. Bd2 Rhf8 15. Rf1 Ne7 16. Be3 Rde8 17. Nc5 Bxc5 18. dxc5 Nf5 19. Nxf5 gxf5 20. f4 d4 21. cxd4 Bd5 22. 0-0-0 Qa4 23. Rfe1 Qxa2 24. Qa3 Qc4+ 25. Kd2 gxf4 26. Bf2 Bxg2 27. Rc1 Qb5 28. Rxe8+ Rxe8 29. Re1 Rxe1 30. Bxe1 Bf1 31. Kc1 Qe8 32. Bd2 Qe4 33. Qxa7 Bd3 34. Qa8+ Kd7 35. Qa4+ c6 36. Qb4 Ba6 37. Qb3 Qe2 38. Qf7+ Kd8 39. Qf8+ Kd7 40. Qxf5+ Qe6 41. Qxe6+ Kxe6 42. Bxf4 1/2-1/2

[Event "Lueneburg op-A"]
[Site "Lueneburg"]
[Date "2016.07.05"]
[Round "6"]
[White "Den Hartog, Marijn"]
[Black "Hofmann, Rares"]
[Result "0-1"]
[WhiteElo "2220"]
[BlackElo "2118"]
[PlyCount "38"]
[EventDate "2016.07.01"]
[EventType "swiss"]
[EventRounds "9"]
[EventCountry "GER"]
[SourceTitle "CBM 173 Extra"]
[Source "ChessBase"]
[SourceDate "2016.08.29"]
[SourceVersion "1"]
[SourceVersionDate "2016.08.29"]
[SourceQuality "1"]

1. e4 e5 2. Nf3 Nc6 3. Bb5 a6 4. Ba4 Nf6 5. 0-0 Bc5 6. c3 b5 7. Bc2 d5 8. exd5 Qxd5 9. Bb3 Qd3 10. Bc2 Qd5 11. a4 Rb8 12. axb5 axb5 13. d4 exd4 14. Re1+ Be6 15. Bb3 Qd6 16. Bxe6 fxe6 17. Qb3 Qd5 18. Rxe6+ Kd7 19. Ne5+ Kxe6 0-1

[Event "Lueneburg op-A"]
[Site "Lueneburg"]
[Date "2016.07.02"]
[Round "3"]
[White "Ziese, Gerhard"]
[Black "Den Hartog, Marijn"]
[Result "0-1"]
[WhiteElo "2002"]
[BlackElo "2220"]
[PlyCount "36"]
[EventDate "2016.07.01"]
[EventType "swiss"]
[EventRounds "9"]
[EventCountry "GER"]
[SourceTitle "CBM 173 Extra"]
[Source "ChessBase"]
[SourceDate "2016.08.29"]
[SourceVersion "1"]
[SourceVersionDate "2016.08.29"]
[SourceQuality "1"]

1. d4 Nf6 2. c4 g6 3. Nc3 Bg7 4. e4 d6 5. Nf3 0-0 6. Be2 e5 7. Be3 Nbd7 8. h3 c6 9. Qd2 a6 10. a4 a5 11. Rd1 Ne8 12. dxe5 Nxe5 13. c5 Nxf3+ 14. Bxf3 Be6 15. 0-0 Bb3 16. Ra1 Qe7 17. cxd6 Nxd6 18. Ra3 Nc4 0-1

[Event "NED-ch U16"]
[Site "Rotterdam"]
[Date "2016.05.05"]
[Round "7"]
[White "Den Hartog, Marijn"]
[Black "Elgersma, Simon"]
[Result "1-0"]
[WhiteElo "2079"]
[BlackElo "2135"]
[PlyCount "59"]
[EventDate "2016.04.29"]
[EventType "swiss"]
[EventRounds "9"]
[EventCountry "NED"]
[SourceTitle "CBM 172 Extra"]
[Source "ChessBase"]
[SourceDate "2016.06.21"]
[SourceVersion "1"]
[SourceVersionDate "2016.06.21"]
[SourceQuality "1"]

1. e4 e6 2. d4 d5 3. Nd2 c5 4. exd5 Qxd5 5. Ngf3 cxd4 6. Bc4 Qd6 7. 0-0 Nf6 8. Nb3 Nc6 9. Qe2 a6 10. a4 Qc7 11. Rd1 h6 12. Nbxd4 Nxd4 13. Rxd4 Bc5 14. Bf4 Qe7 15. Rd3 0-0 16. Ne5 Rd8 17. Rg3 Kf8 18. Qf3 Ra7 19. Bd3 Bd7 20. Rxg7 Kxg7 21. Qg3+ Kf8 22. Bxh6+ Ke8 23. Qg7 Qf8 24. Qxf6 Be7 25. Qf4 Qg8 26. Nxd7 Kxd7 27. Qd4+ Kc6 28. Be4+ Rd5 29. c4 Bc5 30. cxd5+ 1-0